Online
Catalog

Premios Tiflos de cuento : (Record no. 24312)

MARC details
000 -CABECERA
campo de control de longitud fija 01027nam a2200277 a 4500
001 - NÚMERO DE CONTROL
campo de control 000024819
005 - FECHA Y HORA DE LA ÚLTIMA TRANSACCIÓN
campo de control 20260417182716.0
008 - DATOS DE LONGITUD FIJA--INFORMACIÓN GENERAL
campo de control de longitud fija 110203s1995 sp r 000 j spa d
020 ## - NÚMERO INTERNACIONAL ESTÁNDAR DEL LIBRO
Número Internacional Estándar del Libro 848727790X
040 ## - FUENTE DE LA CATALOGACIÓN
Centro catalogador/agencia de origen DO-SdBNP
Lengua de catalogación spa
Centro/agencia transcriptor BNPHU
082 ## - NÚMERO DE LA CLASIFICACIÓN DECIMAL DEWEY
Número de clasificación 868.9922
Número de documento/Ítem P944h
049 ## - FONDOS LOCALES (OCLC)
Fondos de biblioteca BNGR
100 1# - ENTRADA PRINCIPAL--NOMBRE DE PERSONA
Nombre de persona Prezzolini , Giuseppe
9 (RLIN) 50930
245 10 - MENCIÓN DE TÍTULO
Título Premios Tiflos de cuento :
Resto del título escritores ciegos : antología 1986-1993 /
Mención de responsabilidad, etc. edición Vicenta Blanco Ferrero y Ángel García López; prólogo Ana Vicandi.
260 ## - PUBLICACIÓN, DISTRIBUCIÓN, ETC.
Lugar de publicación, distribución, etc. Madrid, (España) :
Nombre del editor, distribuidor, etc. Organización Nacional de Ciegos Españoles,
Fecha de publicación, distribución, etc. 1995.
300 ## - DESCRIPCIÓN FÍSICA
Extensión 148 p. ;
Dimensiones 18 cm.
490 1# - MENCIÓN DE SERIE
Mención de serie Tiflos narrativa
Designación de volumen o secuencia 16
650 #4 - PUNTO DE ACCESO ADICIONAL DE MATERIA--TÉRMINO DE MATERIA
Término de materia o nombre geográfico como elemento de entrada Cuentos hispanoamericanos
9 (RLIN) 9678
650 #0 - PUNTO DE ACCESO ADICIONAL DE MATERIA--TÉRMINO DE MATERIA
Término de materia o nombre geográfico como elemento de entrada Literatura hispanoamericana
9 (RLIN) 318
650 #4 - PUNTO DE ACCESO ADICIONAL DE MATERIA--TÉRMINO DE MATERIA
Término de materia o nombre geográfico como elemento de entrada Cuentos
Subdivisión general Colecciones
9 (RLIN) 8799
700 1# - PUNTO DE ACCESO ADICIONAL--NOMBRE DE PERSONA
Nombre de persona Blanco Ferrero , Vicenta
Término indicativo de función/relación ed
9 (RLIN) 48428
700 1# - PUNTO DE ACCESO ADICIONAL--NOMBRE DE PERSONA
Nombre de persona Bruni, Pierfranco
Término indicativo de función/relación intr.
9 (RLIN) 50924
700 1# - PUNTO DE ACCESO ADICIONAL--NOMBRE DE PERSONA
Nombre de persona García López, Ángel
Término indicativo de función/relación ed.
9 (RLIN) 50931
700 1# - PUNTO DE ACCESO ADICIONAL--NOMBRE DE PERSONA
Nombre de persona Vicandi, Ana
Término indicativo de función/relación pról.
9 (RLIN) 50932
830 #0 - PUNTO DE ACCESO ADICIONAL DE SERIE-TÍTULO UNIFORME
Título uniforme Tiflos narrativa;
Designación de volumen o secuencia 16
9 (RLIN) 50933
Holdings
Estado de retiro Estado de pérdida Restricciones de uso No para préstamo Código de colección Localización permanente Ubicación/localización actual Ubicación en estantería Fecha de adquisición Número de inventario Total de préstamos Signatura topográfica completa Código de barras Fecha visto por última vez Precio válido a partir de Tipo de ítem Koha
        Monografías: Libros y Folletos General General En catalogación 04.02.2011 LF1   868.9922 P944h 24819-10 25.06.2020 25.06.2020 Préstamo en sala

Powered by Koha